Logo BPK

Biblioteka

Politechniki Koszalińskiej

Statyka budowli. (Rekord nr 7267)

Szczegóły MARC
000 -ETYKIETA REKORDU
podpole kontrolne o stałej długości 00483nam a2200169 i 4500
001 - NUMER KONTROLNY REKORDU
pole kontrolne bg
040 ## - ŹRÓDŁO KATALOGOWANIA
Instytucja, która utworzyła rekord BPK
041 ## - KOD JĘZYKA
Kod języka tekstu pol
080 ## - UNIWERSALNA KLASYFIKACJA DZIESIĘTNA - UKD
UKD 624.04(075.8)
008 - POLE O STAŁEJ DŁUGOŚCI - DANE KONTROLNE
podpole kontrolne o stałej długości s pl f |000 0 pol
100 1# - NAZWA OSOBOWA
Nazwa osobowa BIELEWICZ, Eugeniusz
Daty związane z nazwą (1923- ).
245 #0 - TYTUŁ/ODPOWIEDZIALNOŚĆ
Tytuł Statyka budowli.
Oznaczenie części/sekcji dzieła Cz. 1,
Tytuł części/sekcji dzieła Układy statyczne wyznaczalne /
Pozostałe elementy strefy tytułu i oznaczenia odpowiedzialności Eugeniusz Bielewicz, Andrzej Chudzikiewicz.
250 ## - STREFA WYDANIA
Oznaczenie wydania Wyd. 2.
260 ## - STREFA ADRESU WYDAWNICZEGO
Miejsce wydania Gdańsk,
Data publikacji, dystrybucji/powstania dokumentu 1969.
700 1# - HASŁO DODATKOWE - NAZWA OSOBOWA
Nazwa osobowa CHUDZIKIEWICZ, Andrzej
Daty związane z nazwą (1949- ).
856 ## - LOKALIZACJA I DOSTĘP DO ELEKTRONICZNYCH DOKUMENTÓW ZDALNYCH
Link (URL) http://koha.tu.koszalin.pl/cgi-bin/koha/opac-detail.pl?biblionumber=7267
Tekst linku Katalog online BPK
942 ## - DODATKOWE ELEMENTY (KOHA)
Typ dokumentu Książka
Egzemplarze
Wycofany Status egzemplarza Uszkodzony Dostępność Lokalizacja stała Lokalizacja bieżąca Miejsce przechowywania Sygnatura Kod kreskowy Ostatnio wypożyczono Typ dokumentu
      Dostępny Biblioteka Politechniki Koszalińskiej Biblioteka Politechniki Koszalińskiej Wypożyczalnia BG P 2719 02114842 17.10.2018 Książka
© 2023 Biblioteka Politechniki Koszalińskiej :: KOHA